000 00828nam a2200229Ia 4500
003 OSt
005 20220923220637.0
006 a|||||r|||| 00| 0
007 ta
008 220922b |||||||| |||| 00| 0 hin d
024 _a188,291
037 _cTextual
040 _aARTS
_cARTS
_bhin
041 _2hin
_ahin
082 _aV51w, 152G3
100 _aप्लूटार्क
245 0 _aग्रीस और रोम के महापुरूष, अनु मुकुन्दीलाल श्रीवास्तव तथा राजवल्लभ सहाय
246 _aGrīs aur rom ke hināpurūṣha, anu0 mukundīlāl shrīvāstav tathā rājavallabh sahāya
260 _c1933
942 _hV51w, 152G3
_cTEXL
_2CC
999 _c341367
_d341367